रचना और आलोचना (Record no. 8043)

MARC details
000 -LEADER
fixed length control field 00612 a2200193 4500
001 - CONTROL NUMBER
control field 134432
003 - CONTROL NUMBER IDENTIFIER
control field OSt
005 - DATE AND TIME OF LATEST TRANSACTION
control field 20210922150607.0
008 - FIXED-LENGTH DATA ELEMENTS--GENERAL INFORMATION
fixed length control field
020 ## - INTERNATIONAL STANDARD BOOK NUMBER
International Standard Book Number 8170554047
082 ## - DEWEY DECIMAL CLASSIFICATION NUMBER
Classification number 891.4309
Item number A14R
100 1# - MAIN ENTRY--PERSONAL NAME
Personal name अवस्थी, देवीशंकर
245 1# - TITLE STATEMENT
Title रचना और आलोचना
Statement of responsibility, etc by देवीशंकर अवस्थी
260 ## - PUBLICATION, DISTRIBUTION, ETC. (IMPRINT)
Place of publication, distribution, etc नई दिल्ली
Name of publisher, distributor, etc वाणी प्रकाशन
Date of publication, distribution, etc 1995
300 ## - PHYSICAL DESCRIPTION
Extent 171p.
630 ## - SUBJECT ADDED ENTRY--UNIFORM TITLE
Uniform title हिन्दी साहित्य
690 ## - LOCAL SUBJECT ADDED ENTRY--TOPICAL TERM (OCLC, RLIN)
Topical term or geographic name as entry element Hindi literature
942 ## - ADDED ENTRY ELEMENTS (KOHA)
Source of classification or shelving scheme Dewey Decimal Classification
Koha item type Books
Holdings
Withdrawn status Lost status Source of classification or shelving scheme Damaged status Not for loan Collection code Home library Current library Date acquired Source of acquisition Cost, normal purchase price Total Checkouts Full call number Barcode Date last seen Date checked out Price effective from Koha item type
    Dewey Decimal Classification     General Text Book Central University Of Rajasthan Central University Of Rajasthan 09/10/2012 HND 150.00 2 891.4309 A14R 8162 05/01/2026 19/12/2025 02/09/2020 Books